<?xml version="1.0" encoding="UTF-8"?>
<record
    xmlns:xsi="http://www.w3.org/2001/XMLSchema-instance"
    xsi:schemaLocation="http://www.loc.gov/MARC21/slim http://www.loc.gov/standards/marcxml/schema/MARC21slim.xsd"
    xmlns="http://www.loc.gov/MARC21/slim">

  <leader>01631aab a2200253 i 4500</leader>
  <controlfield tag="001">768714001</controlfield>
  <controlfield tag="003">CO-MdFUSB</controlfield>
  <controlfield tag="005">20240808101158.0</controlfield>
  <controlfield tag="008">240808t1999    -us||||| |||| 00| 0 eng d</controlfield>
  <datafield tag="040" ind1=" " ind2=" ">
    <subfield code="b">spa</subfield>
    <subfield code="c">CO-MdFUSB</subfield>
  </datafield>
  <datafield tag="041" ind1=" " ind2=" ">
    <subfield code="a">eng</subfield>
  </datafield>
  <datafield tag="100" ind1="1" ind2=" ">
    <subfield code="a">Dovlo, Elom</subfield>
    <subfield code="e">autor</subfield>
  </datafield>
  <datafield tag="245" ind1=" " ind2="4">
    <subfield code="a">The northern outreach program of the presbyterian church of Ghana</subfield>
    <subfield code="b">/ Elom Dovlo y  SS Sule-Saa</subfield>
  </datafield>
  <datafield tag="520" ind1=" " ind2=" ">
    <subfield code="a">Ghana est&#xE1; formada por tres de las diez regiones pol&#xED;ticas del Estado moderno. El sur de Ghana constituye las siete regiones restantes. "Las duras condiciones clim&#xE1;ticas y econ&#xF3;micas del norte han provocado la afluencia de norte&#xF1;os al sur de Ghana en busca de oportunidades de trabajo. El Comit&#xE9; del Islam del Consejo Cristiano de Ghana llam&#xF3; la atenci&#xF3;n sobre este hecho en 1975. Seg&#xFA;n James Anquandah, "en 1975, el Comit&#xE9; hizo un llamamiento para alertar a las congregaciones urbanas sobre el movimiento masivo de norte&#xF1;os hacia las ciudades y pueblos del sur de Ghana y las inst&#xF3; a ampliar sus ministerios de la forma m&#xE1;s imaginativa y audaz posible para dar cabida a los cristianos y no cristianos del norte en sus zonas de inter&#xE9;s para no perderlos ante el Islam".</subfield>
  </datafield>
  <datafield tag="546" ind1=" " ind2=" ">
    <subfield code="a">Texto en ingl&#xE9;s.</subfield>
  </datafield>
  <datafield tag="650" ind1=" " ind2="0">
    <subfield code="a">Evangelizaci&#xF3;n</subfield>
    <subfield code="9">362</subfield>
  </datafield>
  <datafield tag="650" ind1=" " ind2="7">
    <subfield code="a">Antropolog&#xED;a cultural y social</subfield>
    <subfield code="9">6714</subfield>
  </datafield>
  <datafield tag="650" ind1=" " ind2="0">
    <subfield code="a">Cristianismo y otras religiones</subfield>
    <subfield code="9">1247</subfield>
  </datafield>
  <datafield tag="650" ind1=" " ind2="7">
    <subfield code="a">Iglesia</subfield>
    <subfield code="9">655</subfield>
  </datafield>
  <datafield tag="700" ind1=" " ind2=" ">
    <subfield code="a">Sule-Saa, Solomon S., </subfield>
    <subfield code="e">autor</subfield>
  </datafield>
  <datafield tag="773" ind1="0" ind2=" ">
    <subfield code="t">International Bulletin</subfield>
    <subfield code="0">49483</subfield>
    <subfield code="9">61003</subfield>
    <subfield code="g">Volumen 23, (n&#xFA;mero 3, 1999), p&#xE1;ginas: 112 - 116</subfield>
    <subfield code="q">p&#xE1;gina: 112</subfield>
  </datafield>
  <datafield tag="942" ind1=" " ind2=" ">
    <subfield code="c">ANA</subfield>
  </datafield>
  <datafield tag="945" ind1=" " ind2=" ">
    <subfield code="a">Catherine Arias &#xC1;lvarez - Practicante SENA</subfield>
  </datafield>
  <datafield tag="999" ind1=" " ind2=" ">
    <subfield code="c">57305</subfield>
    <subfield code="d">57305</subfield>
  </datafield>
</record>
